Why the sky is high / (Record no. 110580)
[ view plain ]
| 000 -LEADER | |
|---|---|
| fixed length control field | 00556nam a2200181 a 4500 |
| 005 - DATE AND TIME OF LATEST TRANSACTION | |
| control field | 20140414131859.0 |
| 008 - FIXED-LENGTH DATA ELEMENTS--GENERAL INFORMATION | |
| fixed length control field | 040202s19uu xx 00 eng d |
| 020 ## - INTERNATIONAL STANDARD BOOK NUMBER | |
| International Standard Book Number | 971-134-106-9 |
| 050 ## - LIBRARY OF CONGRESS CALL NUMBER | |
| Classification number | FIL 398.2 |
| Item number | C46 1990 |
| 100 ## - MAIN ENTRY--PERSONAL NAME | |
| Personal name | Chorengel, Marla Yotoko |
| 245 ## - TITLE STATEMENT | |
| Title | Why the sky is high / |
| Statement of responsibility, etc | Marla Yotoko Chorengel ; edited by Melissa Y. Moran; illustrated by Bernadette C. Solina. |
| 260 ## - PUBLICATION, DISTRIBUTION, ETC. (IMPRINT) | |
| Place of publication, distribution, etc | Philippines : |
| Name of publisher, distributor, etc | Bookmark, |
| Date of publication, distribution, etc | 1990. |
| 300 ## - PHYSICAL DESCRIPTION | |
| Extent | 29 p. ; cm. |
| 650 ## - SUBJECT ADDED ENTRY--TOPICAL TERM | |
| Topical term or geographic name as entry element | Folktales |
| General subdivision | Philippine. |
| Withdrawn status | Lost status | Damaged status | Use restrictions | Home library | Current library | Shelving location | Date acquired | Source of acquisition | Total Checkouts | Full call number | Barcode | Date last seen | Price effective from | Koha item type |
|---|---|---|---|---|---|---|---|---|---|---|---|---|---|---|
| Munich Library | Munich Library | Filipiniana Section | 09/29/2004 | FIL 398.2 C46 1990 | M1024 | 04/14/2014 | 04/14/2014 | Books | ||||||
| Munich Library | Munich Library | Filipiniana Section | 09/29/2004 | FIL 398.2 C46 1990 | M1023 | 04/14/2014 | 04/14/2014 | Books | ||||||
| Munich Library | Munich Library | Filipiniana Section | 11/05/2004 | FIL 398.2 C46 1990 | M1022 | 04/14/2014 | 04/14/2014 | Books |